000 00479cam a22002051 4500
001 sa 64002142
003 DLC
005 20260227112008.0
008 891023s1962 ii 000 0 malo
010 _asa 64002142
035 _a(OCoLC)20536377
040 _aDLC
_cWaU
_dDLC
042 _apremarc
050 0 0 _aPL4718.9.K344
_bE8
100 1 _aKarthikeyan, Alleppey.
245 1 0 _aĒṭṭatti.
260 _c1962.
300 _a134 p.
_c18 cm.
500 _aIn Malayalam.
999 _c57172
_d57172